| 000 | 01198nam a2200277 u 4500 | ||
|---|---|---|---|
| 001 | 000774696 | ||
| 003 | AM-YeHGA | ||
| 005 | 20250617143927.0 | ||
| 008 | 101129s1973 ||||||||r|||||000|0|rus|d | ||
| 040 | _aAM-YeHGA | ||
| 041 | 0 | _arus | |
| 245 | 0 | 0 |
_aФизиолого-биохимические исследования нервной и эндокринной систем / _c[Редкол.: М.Ф. Ярошенко (отв. ред.) и др.]; Институт зоологии АН МССР. |
| 260 |
_aКишинев : _bШтиинца, _c1973. |
||
| 300 |
_a162 с. : _bил., табл. ; _c21 см. |
||
| 504 | _aБиблиогр. в конце ст. | ||
| 650 | 1 | 4 | _aНейрофизиология |
| 650 | 1 | 4 |
_aМозжечок _xФизиология |
| 650 | 1 | 4 |
_aГипоталамическая область _xФизиология |
| 650 | 1 | 4 | _aНуклеиновые кислоты |
| 650 | 1 | 4 | _aНейрохимия |
| 650 | 1 | 4 | _aБиохимические феномены |
| 650 | 1 | 4 |
_aМозгсреднйи _xФизиология |
| 700 | 1 |
_aЯрошенко, М.Ф. _eред. _4edt |
|
| 710 | 2 | _aИнститут зоологии АН МССР | |
| 090 | _c285626 | ||
| 999 |
_c283964 _d283964 |
||